| 000 | 01104cam a2200325 4500 | ||
|---|---|---|---|
| 008 | 090401t1992 xxu||||| |||| 00| 0 eng d | ||
| 020 | _a0117525855 | ||
| 035 | _a(Sirsi) u57923 | ||
| 041 | _aeng | ||
| 050 | _a711.558 | ||
| 110 |
_aUnited Kingdom _bDepartment of the Environment _9982 |
||
| 245 | _aPlanning Policy Guidance: the countryside and the rural economy. | ||
| 260 |
_aLondon _bHMSO _c1992 |
||
| 300 | _a(32)p. : ill. ; 30cm. | ||
| 350 | _a5.2 | ||
| 490 |
_aPPG _v7 |
||
| 520 | _aAfter setting out the Government`s general policy, the guidance note provides more specific advice on different aspects of development in the countryside and planning policies in National Parks, AONBs, green belts, SSSIs, historical sites and ESAs. | ||
| 650 | _aDESIGNATED AREAS | ||
| 650 | _aDEVELOPMENT | ||
| 650 | _aFARM BUILDINGS | ||
| 650 | _aFARMLAND | ||
| 650 | _aFORESTRY | ||
| 650 | _aPPG7 | ||
| 650 | _aREDUNDANT BUILDINGS | ||
| 650 | _aRURAL AREAS | ||
| 690 | _aPLANNING LAW AND PRACTICE | ||
| 710 |
_aUnited Kingdom _bWelsh Office _91214 |
||
| 942 | _n0 | ||
| 948 | _c04/03/1997 | ||
| 999 |
_c93993 _d93993 |
||